Water resources engineering: principles and practice / (Record no. 12975)
[ view plain ]
| 000 -LEADER | |
|---|---|
| fixed length control field | 00504cam a2200181ua 4500 |
| 003 - CONTROL NUMBER IDENTIFIER | |
| control field | OSt |
| 008 - FIXED-LENGTH DATA ELEMENTS--GENERAL INFORMATION | |
| fixed length control field | 230510b |||||||| |||| 00| 0 eng d |
| 020 ## - INTERNATIONAL STANDARD BOOK NUMBER | |
| ISBN | 9788122413823 |
| 041 ## - LANGUAGE CODE | |
| Language code of text/sound track or separate title | eng |
| 082 ## - DEWEY DECIMAL CLASSIFICATION NUMBER | |
| Classification number | 627.5 |
| Item number | SAT/WA |
| 100 ## - MAIN ENTRY--AUTHOR NAME | |
| Personal name | Sathya Narayana Murthy.Challa |
| 245 ## - TITLE STATEMENT | |
| Title | Water resources engineering: principles and practice / |
| 250 ## - EDITION STATEMENT | |
| Edition statement | 2nd |
| 260 ## - PUBLICATION, DISTRIBUTION, ETC. (IMPRINT) | |
| Place of publication | New Delhi : |
| Name of publisher | New Age International(P) Ltd , Publishers |
| Year of publication | 2014 |
| 300 ## - PHYSICAL DESCRIPTION | |
| Number of Pages | 306 |
| 500 ## - GENERAL NOTE | |
| General note | Section Three Drawing |
| 942 ## - ADDED ENTRY ELEMENTS (KOHA) | |
| Koha item type | Books |
| Withdrawn status | Lost status | Damaged status | Home library | Current library | Date acquired | Accession Number | Koha item type | Collection code | Shelving location | Source of acquisition | Cost, normal purchase price | Full call number |
|---|---|---|---|---|---|---|---|---|---|---|---|---|
| KAUAET | KAUAET | 07/04/2012 | 21214 | Books | ||||||||
| KAUAET | KAUAET | 24/06/2016 | 24653 | Books | General Stacks | Aman Book Stall Calicut | 275.00 | 627.5 SAT/WA | ||||
| KAUAET | KAUAET | 04/07/2016 | 24990 | Books | General Stacks | Aman Book Stall, Calicut | 275.00 | 627.5 SAT/WA | ||||
| KAUAET | KAUAET | 04/07/2016 | 24991 | Books | General Stacks | Aman Book Stall, Calicut | 275.00 | 627.5 SAT/WA | ||||
| KAUAET | KAUAET | 24/03/2023 | 26134 | Books | General Books | General Stacks | Aman book stall, calicut | 399.00 | 627.5 SAT/WA |
